Gaming Quiz

Random Gaming or NFL Quiz

NFL Madden Cover Players Quiz Stats

 Plays Quiz Updated Aug 20, 2018

Score 0/22 Timer 03:00
5 Plays Today
Year Player % Correct
2018Tom Brady
93.6%
2013Calvin Johnson
90.5%
2019Antonio Brown
88.7%
2009Brett Favre
88.3%
2004Michael Vick
87.4%
2017Rob Gronkowski
86.9%
2005Ray Lewis
86.9%
2016Odell Beckham Jr.
86.5%
2006Donovan McNabb
84.7%
2014 (2)Adrian Peterson
84.7%
2015Richard Sherman
84.1%
Year Player % Correct
2014 (1)Barry Sanders
80.3%
2008Vince Young
78.6%
2007Shaun Alexander
77.6%
2000Barry Sanders
75.2%
2003Marshall Faulk
74.8%
2010 (2)Larry Fitzgerald
71.7%
2002Daunte Culpepper
66.8%
2001Eddie George
63.5%
2011Drew Brees
59.8%
2010 (1)Troy Polamalu
55%
2012Peyton Hillis
38%

You're not logged in!

Compare scores with friends on all Sporcle quizzes.
OR
Log In

Show Comments

Extras

Top Quizzes Today


Score Distribution

Your Account Isn't Verified!

In order to create a playlist on Sporcle, you need to verify the email address you used during registration. Go to your Sporcle Settings to finish the process.

Report this User

Report this user for behavior that violates our Community Guidelines.

Details: